Alle Städte an der Mulde - Statistiken

Allgemein
  • Dieses Quiz wurde 49 mal gespielt
  • Das Durchschnittsergebnis liegt bei 11 aus 30
Antwortstatistiken
Einwohner Stadt Bundesland % Korrekt
39.948 Freiberg Sachsen
85%
87.516 Zwickau Sachsen
85%
28.149 Grimma Sachsen
74%
79.354 Dessau-Roßlau ST
68%
37.568 Bitterfeld-Wolfen ST
59%
23.467 Döbeln Sachsen
56%
16.211 Wurzen Sachsen
56%
21.965 Glauchau Sachsen
53%
20.084 Aue-Bad Schlema Sachsen
47%
15.662 Eilenburg Sachsen
47%
5.658 Rochlitz Sachsen
47%
7.833 Bad Düben Sachsen
38%
8.374 Colditz Sachsen
38%
23.711 Limbach-Oberfrohna Sachsen
35%
10.510 Nossen Sachsen
29%
8.156 Leisnig Sachsen
26%
18.048 Auerbach/Vogtland Sachsen
24%
8.624 Penig Sachsen
24%
7.410 Roßwein Sachsen
24%
9.531 Wilkau-Haßlau Sachsen
21%
6.891 Hartha Sachsen
18%
8.931 Raguhn-Jeßnitz ST
18%
4.059 Waldenburg Sachsen
18%
7.193 Eibenstock Sachsen
15%
5.580 Großschirma Sachsen
15%
3.795 Trebsen/Mulde Sachsen
15%
4.503 Hartenstein Sachsen
12%
4.133 Lunzenau Sachsen
12%
2.733 Frauenstein Sachsen
6%
3.565 Wildenfels Sachsen
6%
Keine übereinstimmenden Quizze gefunden
Verteilung der Resultate
Anzahl Personen mit jedem Resultat
Perzentil nach korrekt beantworteten Fragen
Ihre Resultats-Entwicklung
Sie haben dieses Quiz noch nicht gespielt